000 01038nam a22002897a 4500
001 BR8405392
003 BR-BrBNA
005 20230928092034.0
007 ta
008 230509b bl.||||| |||| 00| 0 por d
040 _aBR-BrBNA
_bpor
_cBiblioteca Nacional de Agricultura
041 _a(Eng, Por)
072 _aE11
_b/G302
_b/G514
_b/G750
090 _ E11 BR8405392
110 1 _aInstituto Nacional de Colonizacao e Reforma Agraria, Brasilia, DF (Brasil)
111 1 _aSimposio Internacional de Experiencia Fundiaria
_cSalvador, BA (Brazil)
_d20-24 Aug 1984
245 1 _aAnais do Simposio Internacional de Experiencia Fundiaria [America Latina, Brasil, Tailandia]
_bv. 1
260 3 _aBrasilia, DF (Brasil):
_c1984.
300 _a614 p.
500 _aAlso issued in english: Proceedings of the International Workshop on Land Tenure Administration
650 _aTERRA
650 _aPROPRIEDADE RURAL
650 _aCADASTRO RURAL
650 _aADMINISTRACAO FUNDIARIA
909 _a202309
_bLucia
_c55
_dLucia Elande
942 _cBK
999 _c36832
_d36832